000 00557nam a2200205Ii 4500
003 JO-AjNU
008 230606s9999||||xx |||||||||||||| ||und||
020 _a978--0-86718-697-0
040 _aJO-AjNU
_beng
_erda
_cJO-AjNU
041 _aeng
050 1 4 _aTH880. N383 2013
245 0 0 _aNational Green Building standard
250 _a1 ed
264 3 1 _aNAHB , 2013
300 _a174p
336 _atext
_btxt
_2rdacontent
337 _aunmediated
_bn
_2rdamedia
338 _avolume
_bnc
_2rdacarrier
650 4 _aNational Green Building standard
_95029
999 _aE2600
_c2598
_d2598